Vista normal
Vista MARC
Entrada Materia (forma)
Número de registros utilizados en: 1
001 - CONTROL NUMBER
- control field: 82101
003 - CONTROL NUMBER IDENTIFIER
- control field: Co-BoUCM
005 - DATE AND TIME OF LATEST TRANSACTION
- control field: 20161125090035.0
008 - FIXED-LENGTH DATA ELEMENTS
- fixed length control field: 161125|| aca||aabn | a|a d
040 ## - CATALOGING SOURCE
- Original cataloging agency: Co-BoUCM
- Transcribing agency: Co-BoUCM
155 ## - HEADING--GENRE/FORM TERM
- Genre/form term: Documentales
670 ## - SOURCE DATA FOUND
- Source citation: Work cat.: (Co-BoUCM)303869: Unes altres veus, 2012